Gaming Quiz

Random Gaming Quiz
Score 0/13 Timer 02:00
0 Plays Today
Course % Correct
C1 Inbound
100%
C1 Outbound
100%
Hanshin Expressway (Osaka)
95.1%
Hakone Inbound
95.1%
Hakone Outbound
95.1%
Wangan Westbound
87.8%
Wangan Eastbound
85.4%
New Belt Line Counterclockwise
82.9%
New Belt Line Clockwise
82.9%
Yokohane Downwards
82.9%
Yokohane Upward
82.9%
Metropolitan Highway - Tokyo
61%
Metropolitan Highway - Kanagawa
58.5%
Remove Ads.
Support Sporcle.
Get the best of Sporcle when you Go Orange. This ad-free experience offers more features, more stats, and more fun while also helping to support Sporcle. Thank you for becoming a member.

You're not logged in!

Compare scores with friends on all Sporcle quizzes.
OR
Log In

Show Comments

Extras

Top Quizzes Today


Score Distribution

Your Account Isn't Verified!

In order to create a playlist on Sporcle, you need to verify the email address you used during registration. Go to your Sporcle Settings to finish the process.

Report this User

Report this user for behavior that violates our Community Guidelines.

Details: